<?xml version="1.0" encoding="UTF-8"?>
<record
    xmlns:xsi="http://www.w3.org/2001/XMLSchema-instance"
    xsi:schemaLocation="http://www.loc.gov/MARC21/slim http://www.loc.gov/standards/marcxml/schema/MARC21slim.xsd"
    xmlns="http://www.loc.gov/MARC21/slim">

  <leader>02439nam a2200409 i 4500</leader>
  <controlfield tag="003">DO-SdBNP</controlfield>
  <controlfield tag="005">20250818095950.0</controlfield>
  <controlfield tag="007">ta</controlfield>
  <controlfield tag="008">250813b2025    dr a ||| |||| 001 0 spa d</controlfield>
  <datafield tag="020" ind1=" " ind2=" ">
    <subfield code="a">9789945949407</subfield>
  </datafield>
  <datafield tag="040" ind1=" " ind2=" ">
    <subfield code="a">DO-SdBNP</subfield>
    <subfield code="b">spa</subfield>
    <subfield code="c">BNPHU</subfield>
    <subfield code="e">rda</subfield>
  </datafield>
  <datafield tag="041" ind1=" " ind2=" ">
    <subfield code="a">spa</subfield>
  </datafield>
  <datafield tag="082" ind1=" " ind2=" ">
    <subfield code="a">xxx</subfield>
    <subfield code="b">B213</subfield>
    <subfield code="2">22</subfield>
  </datafield>
  <datafield tag="110" ind1="2" ind2=" ">
    <subfield code="a">Banco Central de la Rep&#xFA;blica Dominicana</subfield>
    <subfield code="9">83405</subfield>
  </datafield>
  <datafield tag="245" ind1="1" ind2="0">
    <subfield code="a">Lenguaje art&#xED;stico :</subfield>
    <subfield code="b">premios del primer concurso Expresiones de arte CEBC 2023 /</subfield>
    <subfield code="c">jurado, Alberto Bass, Elioenai Medina, Elvis Soto Batista, Fer Figheras, Marianne de Tolentino y otros</subfield>
  </datafield>
  <datafield tag="250" ind1=" " ind2=" ">
    <subfield code="a">Primera edici&#xF3;n</subfield>
  </datafield>
  <datafield tag="264" ind1=" " ind2="4">
    <subfield code="a">Santo Domingo : </subfield>
    <subfield code="b">Banco Central, </subfield>
    <subfield code="c">&#xA9;2025.</subfield>
  </datafield>
  <datafield tag="300" ind1=" " ind2=" ">
    <subfield code="a">57 P&#xE1;ginas : </subfield>
    <subfield code="b">ilustraciones</subfield>
    <subfield code="c">23 cm.</subfield>
  </datafield>
  <datafield tag="336" ind1=" " ind2=" ">
    <subfield code="a">texto</subfield>
    <subfield code="b">txt</subfield>
    <subfield code="2">rdacontent</subfield>
  </datafield>
  <datafield tag="337" ind1=" " ind2=" ">
    <subfield code="a">sin mediaci&#xF3;n</subfield>
    <subfield code="b">n</subfield>
    <subfield code="2">rdamedia</subfield>
  </datafield>
  <datafield tag="338" ind1=" " ind2=" ">
    <subfield code="a">volumen</subfield>
    <subfield code="b">nc</subfield>
    <subfield code="2">rdacarrier</subfield>
  </datafield>
  <datafield tag="490" ind1="1" ind2=" ">
    <subfield code="a">Expresiones de arte CEBC</subfield>
    <subfield code="v">1</subfield>
  </datafield>
  <datafield tag="505" ind1=" " ind2=" ">
    <subfield code="t">Agradecimientos --</subfield>
    <subfield code="t">Presentaci&#xF3;n --</subfield>
    <subfield code="t">Introducci&#xF3;n --</subfield>
    <subfield code="g">Cuento: obra premiada --</subfield>
    <subfield code="t">El piloto de Watermelon --</subfield>
    <subfield code="r">Leonardo David S&#xE1;nchez Contreras /</subfield>
    <subfield code="g">Pintura: obra premiada --</subfield>
    <subfield code="t">Seulement 5% --</subfield>
    <subfield code="r">&#xC1;ngelo Rivas Lorenzo /</subfield>
    <subfield code="g">Pintura: Menci&#xF3;n de honor --</subfield>
    <subfield code="t">Mi gran &#xE1;rbol --</subfield>
    <subfield code="r">Franchesca Rivas Lorenzo /</subfield>
    <subfield code="g">Imagen digital: obra premiada --</subfield>
    <subfield code="t">Amistad de diferentes universos --</subfield>
    <subfield code="r">Annabella S&#xE1;nchez Gonz&#xE1;lez /</subfield>
    <subfield code="g">Imagen digital: menci&#xF3;n de honor --</subfield>
    <subfield code="t">Los pedidos del amor --</subfield>
    <subfield code="r">&#xC1;ngelo Rivas Lorenzo /</subfield>
    <subfield code="g">Canto: obra premiada --</subfield>
    <subfield code="t">Ma&#xF1;ana a las tres --</subfield>
    <subfield code="r">Pedro A. Mart&#xED;nez P&#xE9;rez /</subfield>
    <subfield code="g">Canto: menci&#xF3;n de honor --</subfield>
    <subfield code="t">Te ofrezco --</subfield>
    <subfield code="r">L&#xED;a Rachelle Col&#xF3;n /</subfield>
    <subfield code="t">Ganadores del concurso expresiones de arte CEBC 2023 --</subfield>
    <subfield code="t">Miembros del jurado del concurso expresiones de arte CEBC 2023 --</subfield>
    <subfield code="t">Miembros de la junta directiva del club de empleados del Banco Central de la Rep&#xFA;blica Dominicana, 2023 /</subfield>
  </datafield>
  <datafield tag="520" ind1=" " ind2=" ">
    <subfield code="a">Premios de primer concurso Expresiones de arte Club de Empleados del Banco Central</subfield>
  </datafield>
  <datafield tag="590" ind1=" " ind2=" ">
    <subfield code="a">Inventariado, 2025/ YL</subfield>
  </datafield>
  <datafield tag="700" ind1="1" ind2=" ">
    <subfield code="a">Bass, Alberto </subfield>
    <subfield code="e">jurado</subfield>
    <subfield code="4">ju.</subfield>
    <subfield code="9">26650</subfield>
  </datafield>
  <datafield tag="700" ind1="1" ind2=" ">
    <subfield code="a">Medina, Elioenai </subfield>
    <subfield code="e">jurado</subfield>
    <subfield code="4">ju.</subfield>
    <subfield code="9">88507</subfield>
  </datafield>
  <datafield tag="700" ind1="1" ind2=" ">
    <subfield code="a">Soto Batista, Elvis </subfield>
    <subfield code="e">jurado</subfield>
    <subfield code="4">ju.</subfield>
    <subfield code="9">83581</subfield>
  </datafield>
  <datafield tag="700" ind1="1" ind2=" ">
    <subfield code="a">Figheras, Fer </subfield>
    <subfield code="e">jurado</subfield>
    <subfield code="4">ju.</subfield>
    <subfield code="9">88508</subfield>
  </datafield>
  <datafield tag="700" ind1="1" ind2=" ">
    <subfield code="a">Tolentino, Marianne de </subfield>
    <subfield code="e">jurado</subfield>
    <subfield code="4">ju.</subfield>
    <subfield code="9">15222</subfield>
  </datafield>
  <datafield tag="700" ind1="1" ind2=" ">
    <subfield code="a">Vega, M&#xE1;ximo</subfield>
    <subfield code="e">jurado</subfield>
    <subfield code="4">ju.</subfield>
    <subfield code="9">22617</subfield>
  </datafield>
  <datafield tag="700" ind1="1" ind2=" ">
    <subfield code="a">Tayson, Pura</subfield>
    <subfield code="e">jurado</subfield>
    <subfield code="4">ju.</subfield>
    <subfield code="9">88509</subfield>
  </datafield>
  <datafield tag="700" ind1="1" ind2=" ">
    <subfield code="a">Rodr&#xED;guez, Rafael Jos&#xE9; </subfield>
    <subfield code="e">jurado</subfield>
    <subfield code="4">ju.</subfield>
    <subfield code="9">88510</subfield>
  </datafield>
  <datafield tag="700" ind1="1" ind2=" ">
    <subfield code="a">Vel&#xE1;squez Matos, Vladimir</subfield>
    <subfield code="e">jurado</subfield>
    <subfield code="4">ju.</subfield>
    <subfield code="9">88511</subfield>
  </datafield>
  <datafield tag="910" ind1=" " ind2=" ">
    <subfield code="a">Ylockward</subfield>
  </datafield>
  <datafield tag="942" ind1=" " ind2=" ">
    <subfield code="2">ddc</subfield>
    <subfield code="c">LBS1</subfield>
  </datafield>
  <datafield tag="952" ind1=" " ind2=" ">
    <subfield code="0">0</subfield>
    <subfield code="1">0</subfield>
    <subfield code="2">ddc</subfield>
    <subfield code="5">1</subfield>
    <subfield code="7">0</subfield>
    <subfield code="8">PD</subfield>
    <subfield code="a">BNPHU</subfield>
    <subfield code="b">BNPHU</subfield>
    <subfield code="c">CT</subfield>
    <subfield code="d">2025-08-01</subfield>
    <subfield code="e">Dep&#xF3;sito Legal Banco Central</subfield>
    <subfield code="l">0</subfield>
    <subfield code="o">BNPHU PD xxx B213</subfield>
    <subfield code="p">2025-8483</subfield>
    <subfield code="r">2025-08-18</subfield>
    <subfield code="w">2025-08-18</subfield>
    <subfield code="y">LBS1</subfield>
  </datafield>
  <datafield tag="952" ind1=" " ind2=" ">
    <subfield code="0">0</subfield>
    <subfield code="1">0</subfield>
    <subfield code="2">ddc</subfield>
    <subfield code="5">1</subfield>
    <subfield code="7">0</subfield>
    <subfield code="8">PD</subfield>
    <subfield code="a">BNPHU</subfield>
    <subfield code="b">BNPHU</subfield>
    <subfield code="c">CT</subfield>
    <subfield code="d">2025-08-01</subfield>
    <subfield code="e">Dep&#xF3;sito Legal Banco Central</subfield>
    <subfield code="l">0</subfield>
    <subfield code="o">BNPHU PD xxx B213</subfield>
    <subfield code="p">2025-8484</subfield>
    <subfield code="r">2025-08-18</subfield>
    <subfield code="t">e. 2</subfield>
    <subfield code="w">2025-08-18</subfield>
    <subfield code="y">LBS1</subfield>
  </datafield>
  <datafield tag="952" ind1=" " ind2=" ">
    <subfield code="0">0</subfield>
    <subfield code="1">0</subfield>
    <subfield code="2">ddc</subfield>
    <subfield code="5">6</subfield>
    <subfield code="7">0</subfield>
    <subfield code="8">DS</subfield>
    <subfield code="a">BNPHU</subfield>
    <subfield code="b">BNPHU</subfield>
    <subfield code="c">CT</subfield>
    <subfield code="d">2025-08-01</subfield>
    <subfield code="e">Dep&#xF3;sito Legal Banco Central</subfield>
    <subfield code="l">0</subfield>
    <subfield code="o">BNPHU DS xxx B213</subfield>
    <subfield code="p">2025-8487</subfield>
    <subfield code="r">2025-08-18</subfield>
    <subfield code="t">e. 3</subfield>
    <subfield code="w">2025-08-18</subfield>
    <subfield code="y">LBS1</subfield>
  </datafield>
  <datafield tag="999" ind1=" " ind2=" ">
    <subfield code="c">59794</subfield>
    <subfield code="d">59794</subfield>
  </datafield>
</record>
